Ruský jazyk pre 5. ročník základných škôl : pracovný zošit

Bibliographic Details
Main Authors: Kováčiková, Elena, 1924- (Author), Glendová, Valentína (Author)
Other Authors: Žitňanová, Tatiana, 1956- (Illustrator)
Format: Book
Language:Slovak
Russian
PhysicalDescription:79 strán ilustrácie 30 cm
Published: Bratislava Slovenské pedagogické nakladateľstvo 2021
ISBN:9788010039142
Edition:Dvanáste vydanie
Subjects:

MARC

LEADER 00000cam a2200000 4500
001 vtls012079382
003 SK-MaSNL
005 20260302024742.0
008 211201s2021 xo a crp 000 0 slo
015 |a SNBA2022/01 
020 |a 9788010039142  |q (brožované) 
040 |a SNK  |b slo  |c SNK  |e rda 
041 0 |a slo  |a rus 
044 |a xo  |c SK 
072 7 |a 811.161.1  |x Ruština  |2 konspekt 
072 7 |a 37.016  |x Učebné osnovy. Vyučovacie predmety. Učebnice  |2 konspekt 
080 |a 811.161.1  |2 2011 
080 |a (075.2)  |2 2011 
080 |a (076.1)  |2 2011 
100 1 |a Kováčiková, Elena,  |d 1924-  |4 aut  |9 188627 
245 1 0 |a Ruský jazyk  |b pre 5. ročník základných škôl : pracovný zošit  |c Elena Kováčiková, Valentína Glendová ; ilustrácie Táňa Žitňanová 
246 3 3 |a Ruský jazyk 5 
250 |a Dvanáste vydanie 
264 1 |a Bratislava  |b Slovenské pedagogické nakladateľstvo  |c 2021 
300 |a 79 strán  |b ilustrácie  |c 30 cm 
336 |a text  |b txt  |2 rdacontent 
337 |a bez média  |b n  |2 rdamedia 
338 |a zväzok  |b nc  |2 rdacarrier 
521 2 |a Pre 5. ročník základných škôl 
650 0 7 |a ruština  |2 SNKPH  |9 1346 
650 0 7 |a Russian language  |2 SNKPHeng  |9 282042 
655 7 |a učebnice základných škôl  |2 SNKPH  |9 70187 
655 7 |a pracovné zošity  |2 SNKPH  |9 70188 
655 7 |a Textbooks (elementary)  |2 SNKPHeng  |9 276977 
655 7 |a Activity books  |2 SNKPHeng  |9 302885 
700 1 |a Glendová, Valentína  |4 aut  |9 43911 
700 1 |a Žitňanová, Tatiana,  |d 1956-  |4 ill  |9 86022 
710 2 |a Slovenské pedagogické nakladateľstvo - Mladé letá  |4 pbl  |9 211357 
919 |a 978-80-10-03914-2 
958 |a RU 
999 |c 1041613  |d 1043543 
952 |a SNK  |b SNK  |y VYP  |7 0  |p 17A1470439  |o snkSB 97485 D1  |i snk2021/19782  |8 0  |0 0  |1 0  |4 0  |d 2021-12-01  |l 0  |r 2026-02-24 14:26:44  |w 2026-02-24 
952 |a SNK  |b SNK  |y PREZ  |7 0  |p 17A1470438  |o snkSB 97485  |i snk2021/19781  |8 0  |0 0  |1 0  |4 0  |d 2021-12-01  |f 1  |l 0  |r 2025-05-16 00:00:00  |w 2026-02-24